[Event "HUN-chT2 Maroczy 1516"]
[Site "Hungary"]
[Date "2016.04.03"]
[Round "8.12"]
[White "Bacso, Gabor"]
[Black "Botos, Jozsef"]
[Result "1-0"]
[WhiteElo "2119"]
[BlackElo "1899"]
[PlyCount "53"]
[EventDate "2015.10.18"]
[EventType "team-tourn"]
[EventRounds "9"]
[EventCountry "HUN"]
[SourceTitle "EXT 2017"]
[Source "ChessBase"]
[SourceDate "2016.10.25"]
[SourceVersion "1"]
[SourceVersionDate "2016.10.25"]
[SourceQuality "1"]
[WhiteTeam "Vasas"]
[BlackTeam "Dunaharaszti II"]
[WhiteTeamCountry "HUN"]
[BlackTeamCountry "HUN"]

1. d4 d5 2. Bf4 e6 3. Nf3 Nd7 4. e3 Ngf6 5. Bd3 Bd6 6. Bg3 Qe7 7. Ne5 g6 8. f4 Nh5 9. Bf2 Bxe5 10. fxe5 Qb4+ 11. Nd2 c5 12. Be2 Ng7 13. Qc1 Nf5 14. c3 Qa5 15. 0-0 Qd8 16. e4 dxe4 17. Nxe4 cxd4 18. Bxd4 Qh4 19. Rf4 Qe7 20. Nd6+ Kd8 21. g4 Nxd4 22. cxd4 f5 23. Qc3 Nb6 24. Rc1 Nd5 25. Qxc8+ Rxc8 26. Rxc8+ Kd7 27. Bb5# 1-0

[Event "HUN-chT2 Maroczy 1516"]
[Site "Hungary"]
[Date "2015.10.18"]
[Round "1.12"]
[White "Bacso, Gabor"]
[Black "Piroska, Istvan"]
[Result "1/2-1/2"]
[WhiteElo "2119"]
[BlackElo "2085"]
[PlyCount "31"]
[EventDate "2015.10.18"]
[EventType "team-tourn"]
[EventRounds "9"]
[EventCountry "HUN"]
[SourceTitle "CBM 170 Extra"]
[Source "ChessBase"]
[SourceDate "2016.02.25"]
[SourceVersion "1"]
[SourceVersionDate "2016.02.25"]
[SourceQuality "1"]
[WhiteTeam "Vasas"]
[BlackTeam "Penzugyor"]
[WhiteTeamCountry "HUN"]
[BlackTeamCountry "HUN"]

1. d4 d5 2. e3 Nf6 3. c4 dxc4 4. Bxc4 e6 5. Nf3 c5 6. 0-0 a6 7. Qe2 b5 8. Bb3 Be7 9. Rd1 Nbd7 10. Ne5 Qc7 11. Nxd7 Bxd7 12. Nd2 Bc6 13. a4 0-0 14. Nf3 Bd6 15. dxc5 Bxc5 16. Bd2 1/2-1/2

[Event "HUN-chT2 Maroczy 1415"]
[Site "Hungary"]
[Date "2015.03.22"]
[Round "8"]
[White "Polyik, Peter"]
[Black "Bacso, Gabor"]
[Result "1-0"]
[WhiteElo "2101"]
[BlackElo "2103"]
[PlyCount "53"]
[EventDate "2014.10.12"]
[EventType "team-tourn"]
[EventRounds "9"]
[EventCountry "HUN"]
[SourceTitle "EXT 2016"]
[Source "ChessBase"]
[SourceDate "2015.10.08"]
[SourceVersion "1"]
[SourceVersionDate "2015.10.08"]
[SourceQuality "1"]
[WhiteTeam "Kobanya Aquarena"]
[BlackTeam "Vasas"]
[WhiteTeamCountry "HUN"]
[BlackTeamCountry "HUN"]

1. d4 d5 2. c4 dxc4 3. Nf3 a6 4. e4 Bg4 5. Bxc4 e6 6. Be3 Nf6 7. Nc3 Nc6 8. 0-0 Be7 9. Be2 0-0 10. Rc1 Qd7 11. Ne5 Bxe2 12. Qxe2 Nxe5 13. dxe5 Ne8 14. Rfd1 Qc8 15. Na4 Qb8 16. Rd7 Bd8 17. Bc5 Qc8 18. Rd3 c6 19. Rcd1 Bc7 20. Bxf8 Kxf8 21. Qh5 Kg8 22. Rh3 h6 23. Rf3 f6 24. Qg6 Bxe5 25. Nb6 Qb8 26. Nxa8 Qxa8 27. Rfd3 1-0

[Event "HUN-chT2 Maroczy 1415"]
[Site "Hungary"]
[Date "2015.03.01"]
[Round "7"]
[White "Bacso, Gabor"]
[Black "Kassay, Lilla"]
[Result "1-0"]
[WhiteElo "2103"]
[BlackElo "1852"]
[PlyCount "109"]
[EventDate "2014.10.12"]
[EventType "team-tourn"]
[EventRounds "9"]
[EventCountry "HUN"]
[SourceTitle "EXT 2016"]
[Source "ChessBase"]
[SourceDate "2015.10.08"]
[SourceVersion "1"]
[SourceVersionDate "2015.10.08"]
[SourceQuality "1"]
[WhiteTeam "Vasas"]
[BlackTeam "Miskolc KisBocsok"]
[WhiteTeamCountry "HUN"]
[BlackTeamCountry "HUN"]

1. d4 Nf6 2. Nf3 e6 3. e3 b6 4. Bd3 Bb7 5. 0-0 c5 6. c4 cxd4 7. exd4 Be7 8. Nc3 0-0 9. d5 h6 10. Bc2 Bb4 11. Ne4 Nxe4 12. Bxe4 Qc8 13. a3 Be7 14. Qb3 Na6 15. Be3 Nc5 16. Bxc5 Qxc5 17. Rfe1 Rab8 18. Bc2 Bf6 19. Qd3 g6 20. Ne5 Bxe5 21. Rxe5 exd5 22. Qg3 Rbe8 23. Bxg6 Rxe5 24. Bf5+ Kh8 25. Qxe5+ f6 26. Qf4 Qe7 27. Qxh6+ Kg8 28. Qg6+ Kh8 29. Qh5+ Kg8 30. Qg4+ Kh8 31. Qh3+ Kg8 32. Bxd7 dxc4 33. Be6+ Kg7 34. Rd1 Rd8 35. Qg4+ Kh8 36. Qh5+ Kg7 37. Rxd8 Qxd8 38. Qf7+ Kh6 39. h4 Qd1+ 40. Kh2 Qd6+ 41. g3 Qc6 42. Qxf6+ Kh7 43. Bf5+ Kg8 44. Qxc6 Bxc6 45. g4 b5 46. Kg3 a5 47. Kf4 Kf7 48. Ke5 Ke7 49. g5 b4 50. axb4 a4 51. Kd4 Bb5 52. h5 Kf7 53. h6 Ba6 54. g6+ Kg8 55. Be6+ 1-0

[Event "HUN-chT2 Maroczy 1314"]
[Site "Hungary"]
[Date "2014.04.13"]
[Round "10"]
[White "Kelemen, David"]
[Black "Bacso, Gabor"]
[Result "1-0"]
[WhiteElo "1792"]
[BlackElo "2147"]
[PlyCount "59"]
[EventDate "2013.09.08"]
[EventType "team-tourn"]
[EventRounds "11"]
[EventCountry "HUN"]
[SourceTitle "EXT 2016"]
[Source "ChessBase"]
[SourceDate "2015.10.08"]
[SourceVersion "1"]
[SourceVersionDate "2015.10.08"]
[SourceQuality "1"]
[WhiteTeam "Mako II"]
[BlackTeam "Budapest Vasas"]
[WhiteTeamCountry "HUN"]
[BlackTeamCountry "HUN"]

1. e4 c5 2. Nf3 d6 3. d4 cxd4 4. Nxd4 Nf6 5. Nc3 a6 6. Be3 e5 7. Nb3 Be6 8. Qd2 Be7 9. 0-0-0 Nbd7 10. f4 Ng4 11. g3 Nxe3 12. Qxe3 Rc8 13. Nd5 Bxd5 14. Rxd5 Qc7 15. Rd2 Nb6 16. Na5 exf4 17. gxf4 Nd5 18. exd5 Qxa5 19. Re2 Rc7 20. Qd4 0-0 21. Rg1 g6 22. f5 Rfc8 23. fxg6 hxg6 24. Bh3 Bf8 25. Bxc8 Rxc8 26. Qe4 Qxa2 27. Rxg6+ fxg6 28. Qxg6+ Bg7 29. Qe6+ Kh7 30. Qf5+ 1-0

[Event "HUN-chT2 Maroczy 1314"]
[Site "Hungary"]
[Date "2013.08.22"]
[Round "2"]
[White "Albert, Kornelia"]
[Black "Bacso, Gabor"]
[Result "1-0"]
[WhiteElo "2091"]
[BlackElo "2147"]
[PlyCount "87"]
[EventDate "2013.09.08"]
[EventType "team-tourn"]
[EventRounds "11"]
[EventCountry "HUN"]
[SourceTitle "EXT 2016"]
[Source "ChessBase"]
[SourceDate "2015.10.08"]
[SourceVersion "1"]
[SourceVersionDate "2015.10.08"]
[SourceQuality "1"]
[WhiteTeam "Budapest MLTC II"]
[BlackTeam "Budapest Vasas"]
[WhiteTeamCountry "HUN"]
[BlackTeamCountry "HUN"]

1. e4 c5 2. Nf3 d6 3. d4 cxd4 4. Nxd4 Nf6 5. Nc3 a6 6. Be3 e5 7. Nb3 Be6 8. Qd2 Be7 9. f3 Nbd7 10. g4 b5 11. g5 b4 12. Ne2 Nh5 13. Ng3 Nf4 14. Bxf4 exf4 15. Nh5 0-0 16. h4 Ne5 17. Be2 a5 18. Nxf4 Bc4 19. Nd5 a4 20. Nd4 Bxd5 21. exd5 Qa5 22. Nf5 Rfe8 23. 0-0-0 Bf8 24. f4 Nd7 25. Rh2 Rac8 26. Kb1 Nc5 27. Ng3 a3 28. b3 g6 29. f5 gxf5 30. Bf3 Ne4 31. Bxe4 fxe4 32. Re2 e3 33. Rxe3 Rxe3 34. Qxe3 Rc3 35. Qf4 Qc7 36. Rd2 Bg7 37. Ne4 Rh3 38. Rd1 Be5 39. Qg4 Rh2 40. Rc1 Kf8 41. h5 Rf2 42. g6 Rf4 43. g7+ Kg8 44. Qxf4 1-0

[Event "HUN-chT2 Maroczy 1213"]
[Site "Hungary"]
[Date "2013.03.03"]
[Round "8"]
[White "Bacso, Gabor"]
[Black "Vitalyos, Marton"]
[Result "1-0"]
[WhiteElo "2136"]
[BlackElo "1956"]
[PlyCount "67"]
[EventDate "2012.09.16"]
[EventType "team-tourn"]
[EventRounds "11"]
[EventCountry "HUN"]
[SourceTitle "EXT 2014"]
[Source "ChessBase"]
[SourceDate "2013.11.20"]
[SourceVersion "1"]
[SourceVersionDate "2013.11.20"]
[SourceQuality "1"]
[WhiteTeam "Vasas"]
[BlackTeam "Taban Spartacus"]
[WhiteTeamCountry "HUN"]
[BlackTeamCountry "HUN"]

1. d4 Nf6 2. c4 g6 3. Nc3 d5 4. cxd5 Nxd5 5. e4 Nxc3 6. bxc3 Bg7 7. Bc4 0-0 8. Ne2 c5 9. Be3 Nd7 10. 0-0 Nb6 11. Bb3 c4 12. Bc2 f5 13. exf5 Bxf5 14. Bxf5 Rxf5 15. Ng3 Rd5 16. Qe2 Rc8 17. Rab1 Qc7 18. Qf3 Ra5 19. Ne4 Qc6 20. Qh3 Qxe4 21. Rxb6 Rc7 22. Rb2 Ra3 23. Qg3 e5 24. Bd2 Re7 25. Re1 Qd5 26. Bg5 Rd7 27. Rbe2 Ra5 28. h4 exd4 29. Qb8+ Bf8 30. Re8 Rf7 31. Bh6 Qf5 32. Rxf8+ Rxf8 33. Bxf8 Rxa2 34. Bh6+ 1-0

[Event "HUN-chT2 Maroczy 1213"]
[Site "Hungary"]
[Date "2012.11.04"]
[Round "3"]
[White "Bacso, Gabor"]
[Black "Bernath, Robert"]
[Result "0-1"]
[WhiteElo "2136"]
[BlackElo "2074"]
[PlyCount "70"]
[EventDate "2012.09.16"]
[EventType "team-tourn"]
[EventRounds "11"]
[EventCountry "HUN"]
[SourceTitle "EXT 2014"]
[Source "ChessBase"]
[SourceDate "2013.11.20"]
[SourceVersion "1"]
[SourceVersionDate "2013.11.20"]
[SourceQuality "1"]
[WhiteTeam "Vasas"]
[BlackTeam "Maroczy"]
[WhiteTeamCountry "HUN"]
[BlackTeamCountry "HUN"]

1. d4 Nf6 2. c4 g6 3. Nc3 d5 4. cxd5 Nxd5 5. e4 Nxc3 6. bxc3 Bg7 7. Bc4 c5 8. Ne2 Nc6 9. Be3 0-0 10. 0-0 Na5 11. Bd3 b6 12. dxc5 Qc7 13. cxb6 axb6 14. Bd4 e5 15. Be3 Be6 16. Qc2 Nc4 17. Bxc4 Bxc4 18. Rfd1 b5 19. Ng3 Ra4 20. h4 h5 21. Nf1 Rfa8 22. Nd2 Bxa2 23. Qb2 Qc6 24. f3 Bf8 25. Kh2 Ba3 26. Qxa2 Bc5 27. Qb2 Bxe3 28. Nf1 Bf4+ 29. g3 Qc4 30. Rxa4 Rxa4 31. Kh3 Qe6+ 32. g4 hxg4+ 33. fxg4 Qc4 34. Ng3 Bxg3 35. Kxg3 Qxe4 0-1

[Event "HUN-chT2 Maroczy 1213"]
[Site "Hungary"]
[Date "2012.10.07"]
[Round "2"]
[White "Egyed, Judit"]
[Black "Bacso, Gabor"]
[Result "0-1"]
[WhiteElo "1751"]
[BlackElo "2136"]
[PlyCount "112"]
[EventDate "2012.09.16"]
[EventType "team-tourn"]
[EventRounds "11"]
[EventCountry "HUN"]
[SourceTitle "EXT 2014"]
[Source "ChessBase"]
[SourceDate "2013.11.20"]
[SourceVersion "1"]
[SourceVersionDate "2013.11.20"]
[SourceQuality "1"]
[WhiteTeam "Karcag"]
[BlackTeam "Vasas"]
[WhiteTeamCountry "HUN"]
[BlackTeamCountry "HUN"]

1. e4 c5 2. Nf3 d6 3. d4 cxd4 4. Nxd4 Nf6 5. Nc3 a6 6. Bg5 e6 7. f4 Nbd7 8. Qf3 Qc7 9. Bd3 Be7 10. 0-0-0 h6 11. Bh4 g5 12. fxg5 Ne5 13. Qg3 Nh5 14. Qe3 Bd7 15. Be2 hxg5 16. Bxg5 Nf6 17. Qf4 Ng6 18. Qf1 Ng8 19. Bxe7 N8xe7 20. h4 Ne5 21. h5 0-0-0 22. g4 Rdg8 23. Qf6 N7c6 24. Nxc6 Bxc6 25. h6 Qd8 26. Qxd8+ Kxd8 27. Rxd6+ Ke7 28. Rdd1 Rg6 29. Rdg1 Rgxh6 30. Rxh6 Rxh6 31. Kd2 Rh2 32. Ke3 Kf6 33. g5+ Ke7 34. a4 Rh3+ 35. Kd4 Kd6 36. b4 Bxa4 37. Rd1 b5 38. Nxb5+ Bxb5 39. Bd3 Bxd3 40. cxd3 Nf3+ 41. Kc4 Rh8 42. Ra1 Rc8+ 43. Kb3 Rc6 44. Ra5 e5 45. Rd5+ Ke6 46. Ka4 Nxg5 47. d4 f6 48. Rd8 exd4 49. Rxd4 Ke5 50. Rd1 Nxe4 51. Re1 f5 52. Ka5 f4 53. Rd1 f3 54. Rf1 f2 55. Ka4 Rc2 56. Kb3 Re2 0-1

[Event "Budapest-chT1 Lilienthal 1213"]
[Site "Budapest"]
[Date "2012.09.30"]
[Round "1"]
[White "Mincsovics, Miklos"]
[Black "Bacso, Gabor"]
[Result "0-1"]
[WhiteElo "2211"]
[BlackElo "2136"]
[PlyCount "140"]
[EventDate "2012.09.30"]
[EventType "team-tourn"]
[EventRounds "11"]
[EventCountry "HUN"]
[SourceTitle "EXT 2019"]
[Source "ChessBase"]
[SourceDate "2018.10.10"]
[SourceVersion "1"]
[SourceVersionDate "2018.10.10"]
[SourceQuality "1"]
[WhiteTeam "Budapest SENSE"]
[BlackTeam "Budapest Vasas II"]
[WhiteTeamCountry "HUN"]
[BlackTeamCountry "HUN"]

1. e4 c5 2. Nf3 d6 3. d4 cxd4 4. Nxd4 Nf6 5. Nc3 a6 6. Bc4 e6 7. a3 Nbd7 8. Bg5 Qa5 9. Qd2 Ne5 10. Be2 Be7 11. f4 Nc6 12. 0-0-0 0-0 13. g4 Nxd4 14. Qxd4 e5 15. Qd2 exf4 16. Bxf4 Bxg4 17. Bxg4 Nxg4 18. Rhg1 Ne5 19. Rg3 Rfe8 20. Qe2 Ng6 21. Bd2 Rac8 22. Nd5 Qa4 23. Bc3 Bd8 24. Qh5 Rxe4 25. Qf5 Re6 26. Rf1 Qe8 27. Rh3 Rc5 28. Qh5 h6 29. Qf3 Ne5 30. Qg2 Qc6 31. Rd1 Rg6 32. Qh1 Kh7 33. Kb1 Nc4 34. Rhd3 Nb6 35. Nf4 Qxh1 36. Rxh1 Rg4 37. Bb4 Rc6 38. Rxd6 Rxd6 39. Bxd6 Bf6 40. Nd3 Nc4 41. Bb8 Rg2 42. a4 b5 43. axb5 axb5 44. Rc1 Re2 45. Rh1 g5 46. Bg3 Kg7 47. Re1 Rxe1+ 48. Bxe1 h5 49. Bg3 Kg6 50. b3 Nd2+ 51. Kc1 Ne4 52. Bb8 Bc3 53. Ne5+ Bxe5 54. Bxe5 f5 55. Kd1 f4 56. Ke2 Kf5 57. Bd4 g4 58. Kf1 h4 59. Kg1 Nd2 60. Bf2 g3 61. hxg3 hxg3 62. Ba7 Kg4 63. Bb6 f3 64. Be3 Ne4 65. c4 bxc4 66. bxc4 Kh3 67. c5 f2+ 68. Bxf2 gxf2+ 69. Kf1 Kg3 70. c6 Kf3 0-1

[Event "HUN-chT 1112"]
[Site "Hungary"]
[Date "2011.10.30"]
[Round "2"]
[White "Bacso, Gabor"]
[Black "Varga, Melinda"]
[Result "0-1"]
[WhiteElo "2102"]
[BlackElo "2139"]
[PlyCount "60"]
[EventDate "2011.09.25"]
[EventType "team-tourn"]
[EventRounds "11"]
[EventCountry "HUN"]
[SourceTitle "EXT 2012"]
[Source "ChessBase"]
[SourceDate "2011.11.24"]
[SourceVersion "1"]
[SourceVersionDate "2011.11.24"]
[SourceQuality "1"]
[WhiteTeam "Vasas"]
[BlackTeam "HVSE Infraplan"]
[WhiteTeamCountry "HUN"]
[BlackTeamCountry "HUN"]

1. d4 d5 2. c4 c6 3. e3 Nf6 4. Nf3 e6 5. Nc3 Nbd7 6. Qc2 Bd6 7. Bd3 0-0 8. 0-0 dxc4 9. Bxc4 b5 10. Bd3 Bb7 11. a3 a6 12. Rd1 Qc7 13. e4 e5 14. h3 exd4 15. Nxd4 g6 16. Bh6 Rfe8 17. Qd2 c5 18. Nf5 Be5 19. Rac1 c4 20. Bb1 Nc5 21. f4 Nfxe4 22. Bxe4 Nxe4 23. Nxe4 Bxe4 24. Ng3 Bf6 25. Re1 Bc6 26. Qb4 Qb6+ 27. Kh2 Qf2 28. Rg1 Re3 29. Nh1 Rxh3+ 30. Kxh3 Qh4# 0-1

[Event "HUN-chT 1011"]
[Site "Hungary"]
[Date "2011.04.30"]
[Round "11"]
[White "Farago, Ivan"]
[Black "Bacso, Gabor"]
[Result "1-0"]
[WhiteElo "2420"]
[BlackElo "2156"]
[PlyCount "133"]
[EventDate "2010.10.10"]
[EventType "team-tourn"]
[EventRounds "11"]
[EventCountry "HUN"]
[SourceTitle "EXT 2012"]
[Source "ChessBase"]
[SourceDate "2011.11.24"]
[SourceVersion "1"]
[SourceVersionDate "2011.11.24"]
[SourceQuality "1"]
[WhiteTeam "Aquaprofit"]
[BlackTeam "Vasas"]
[WhiteTeamCountry "HUN"]
[BlackTeamCountry "HUN"]

1. d4 d5 2. c4 dxc4 3. e3 Nf6 4. Nf3 e6 5. Bxc4 Be7 6. 0-0 0-0 7. Qe2 c5 8. Nc3 a6 9. dxc5 Bxc5 10. e4 Nc6 11. e5 Nd5 12. Qe4 f5 13. exf6 Nxf6 14. Bxe6+ Kh8 15. Qf5 Nd4 16. Nxd4 Bxd4 17. Bg5 Bxe6 18. Qxe6 Bxc3 19. bxc3 Qa5 20. Bxf6 Rxf6 21. Qe4 Qxc3 22. Qxb7 Raf8 23. Rab1 h6 24. h3 Qd4 25. Rbd1 Qc5 26. Rd2 Qa5 27. Rc2 Qa4 28. Re2 Qa3 29. Qa7 Rg6 30. Qd7 Qc3 31. Re3 Qb2 32. Qd3 Rgf6 33. Re2 Qb6 34. Rb1 Qc5 35. Rc2 Qg5 36. Rd1 Qa5 37. Rdc1 Qg5 38. Rc5 Qf4 39. R1c2 Qb4 40. Re5 Qb1+ 41. Kh2 Qb8 42. Qg3 Rxf2 43. Rxf2 Rxf2 44. Ra5 Qxg3+ 45. Kxg3 Rf6 46. Kh4 Kh7 47. g4 Kg6 48. Kg3 Kf7 49. h4 Ke7 50. h5 g6 51. g5 hxg5 52. h6 Kf7 53. Kg4 Kg8 54. Kxg5 Rb6 55. a4 Kh7 56. Rc5 Rb4 57. Rc7+ Kh8 58. a5 Ra4 59. Kxg6 Rg4+ 60. Kf6 Rh4 61. Kg5 Ra4 62. Ra7 Ra1 63. Rxa6 Kh7 64. Ra7+ Kh8 65. a6 Rg1+ 66. Kf4 Rh1 67. Rb7 1-0

[Event "HUN-chT 1011"]
[Site "Hungary"]
[Date "2011.04.17"]
[Round "9"]
[White "Istvanovszky, Kalman"]
[Black "Bacso, Gabor"]
[Result "1-0"]
[WhiteElo "2228"]
[BlackElo "2156"]
[PlyCount "47"]
[EventDate "2010.10.10"]
[EventType "team-tourn"]
[EventRounds "11"]
[EventCountry "HUN"]
[SourceTitle "EXT 2012"]
[Source "ChessBase"]
[SourceDate "2011.11.24"]
[SourceVersion "1"]
[SourceVersionDate "2011.11.24"]
[SourceQuality "1"]
[WhiteTeam "Penzugyor"]
[BlackTeam "Vasas"]
[WhiteTeamCountry "HUN"]
[BlackTeamCountry "HUN"]

1. e4 c5 2. Nf3 d6 3. d4 cxd4 4. Nxd4 Nf6 5. Nc3 a6 6. h3 e5 7. Nde2 Be7 8. g4 Be6 9. Bg2 Nc6 10. Be3 Na5 11. b3 h6 12. Qd2 b5 13. 0-0 Rc8 14. Rac1 Nb7 15. f4 Nc5 16. Ng3 exf4 17. Bxf4 Ncd7 18. Nce2 Ne5 19. Nd4 Ng6 20. Ndf5 Bxf5 21. Nxf5 Nxf4 22. Qxf4 0-0 23. g5 hxg5 24. Qxg5 1-0

[Event "Budapest-chT1 Lilienthal 1011"]
[Site "Budapest"]
[Date "2010.10.31"]
[Round "3"]
[White "Bacso, Gabor"]
[Black "To, Nhat Minh"]
[Result "0-1"]
[WhiteElo "2156"]
[BlackElo "2426"]
[PlyCount "68"]
[EventDate "2010.09.19"]
[EventType "team-tourn"]
[EventRounds "11"]
[EventCountry "HUN"]
[SourceTitle "EXT 2020"]
[Source "ChessBase"]
[SourceDate "2019.10.17"]
[SourceVersion "1"]
[SourceVersionDate "2019.10.17"]
[SourceQuality "1"]
[WhiteTeam "Budapest Vasas II"]
[BlackTeam "Barcza GSC"]
[WhiteTeamCountry "HUN"]
[BlackTeamCountry "HUN"]

1. e4 Nf6 2. e5 Nd5 3. d4 d6 4. c4 Nb6 5. exd6 exd6 6. Nf3 Be7 7. Be3 0-0 8. Qc2 g6 9. Bd3 Nc6 10. a3 Bg4 11. Nbd2 d5 12. c5 Nc8 13. h3 Be6 14. h4 Bf6 15. h5 N8e7 16. hxg6 fxg6 17. 0-0-0 Bf5 18. g4 Bxg4 19. Rdg1 Qd7 20. Rg3 Nf5 21. Rxg4 Nxe3 22. Rxg6+ hxg6 23. fxe3 Bg7 24. Bxg6 Rf6 25. Ne5 Nxe5 26. dxe5 Rf2 27. e4 Qe6 28. exd5 Qxe5 29. Qb3 Qxb2+ 30. Qxb2 Bxb2+ 31. Kc2 Bxa3 32. Kd3 Kg7 33. Be4 Rh8 34. Rg1+ Kf8 0-1

[Event "HUN-chT 1011"]
[Site "Hungary"]
[Date "2010.10.10"]
[Round "1"]
[White "Bacso, Gabor"]
[Black "Varga, Melinda"]
[Result "0-1"]
[WhiteElo "2156"]
[BlackElo "1989"]
[PlyCount "106"]
[EventDate "2010.10.10"]
[EventType "team-tourn"]
[EventRounds "11"]
[EventCountry "HUN"]
[SourceTitle "EXT 2012"]
[Source "ChessBase"]
[SourceDate "2011.11.24"]
[SourceVersion "1"]
[SourceVersionDate "2011.11.24"]
[SourceQuality "1"]
[WhiteTeam "Vasas"]
[BlackTeam "Haladas"]
[WhiteTeamCountry "HUN"]
[BlackTeamCountry "HUN"]

1. d4 d5 2. Nf3 Nf6 3. c4 c6 4. Qb3 g6 5. g3 Bg7 6. Bg2 0-0 7. 0-0 Ne4 8. Nc3 dxc4 9. Qxc4 Nxc3 10. Qxc3 Bg4 11. e3 Bxf3 12. Bxf3 e5 13. Qb3 Qe7 14. dxe5 Bxe5 15. Bd2 Na6 16. Rac1 Rfd8 17. Bc3 Nc5 18. Qa3 Bd6 19. Bb4 Nd3 20. Bxd6 Rxd6 21. Rcd1 Qd7 22. Be2 Rd8 23. Qxa7 Nxb2 24. Rxd6 Qxd6 25. Qxb7 Qd2 26. Bf3 c5 27. Rb1 Nd3 28. Rf1 Ne1 29. Be4 c4 30. Qb1 Nd3 31. Bxd3 Rxd3 32. a4 c3 33. Qb8+ Rd8 34. Qc7 c2 35. Kg2 Qd1 36. Re1 Qd5+ 37. Kg1 Qd2 38. Kg2 Qd5+ 39. Kg1 Qd1 40. Kg2 Rd7 41. Qc8+ Rd8 42. Qc7 Ra8 43. Qc3 Rxa4 44. Qc8+ Kg7 45. Qc3+ Kh6 46. h4 Qd5+ 47. Kh2 Rc4 48. Qa3 Qf3 49. Rf1 Rc8 50. Qc1 Qe2 51. Kg1 Rd8 52. e4+ Kg7 53. Qb2+ Kg8 0-1

[Event "HUN-chT2 Maroczy 0910"]
[Site "Hungary"]
[Date "2010.02.28"]
[Round "7"]
[White "Bacso, Gabor"]
[Black "Orgovan, Sandor"]
[Result "1/2-1/2"]
[WhiteElo "2160"]
[BlackElo "2256"]
[PlyCount "34"]
[EventDate "2009.11.08"]
[EventType "team-tourn"]
[EventRounds "11"]
[EventCountry "HUN"]
[SourceTitle "EXT 2011"]
[Source "ChessBase"]
[SourceDate "2010.11.26"]
[SourceVersion "1"]
[SourceVersionDate "2010.11.26"]
[SourceQuality "1"]
[WhiteTeam "Vasas"]
[BlackTeam "MLTC II"]
[WhiteTeamCountry "HUN"]
[BlackTeamCountry "HUN"]

1. d4 Nf6 2. c4 g6 3. Nc3 Bg7 4. e4 d6 5. Nf3 0-0 6. Be2 e5 7. dxe5 dxe5 8. Qxd8 Rxd8 9. Bg5 Re8 10. 0-0 Bg4 11. Nd2 Bxe2 12. Nxe2 Nc6 13. f3 Nd7 14. Nb3 Nf6 15. Nd2 Nd7 16. Nb3 Nf6 17. Nd2 Nd7 1/2-1/2

[Event "HUN-chT2 Maroczy 0910"]
[Site "Hungary"]
[Date "2009.11.08"]
[Round "1"]
[White "Bacso, Gabor"]
[Black "Czegledi, Zsolt"]
[Result "1/2-1/2"]
[WhiteElo "2160"]
[BlackElo "2184"]
[PlyCount "94"]
[EventDate "2009.11.08"]
[EventType "team-tourn"]
[EventRounds "11"]
[EventCountry "HUN"]
[SourceTitle "EXT 2011"]
[Source "ChessBase"]
[SourceDate "2010.11.26"]
[SourceVersion "1"]
[SourceVersionDate "2010.11.26"]
[SourceQuality "1"]
[WhiteTeam "Vasas"]
[BlackTeam "TLSE"]
[WhiteTeamCountry "HUN"]
[BlackTeamCountry "HUN"]

1. d4 d5 2. c4 c6 3. e3 Nf6 4. Nc3 e6 5. Nf3 Nbd7 6. Bd3 dxc4 7. Bxc4 b5 8. Bd3 a6 9. 0-0 c5 10. Qe2 Bb7 11. Rd1 cxd4 12. exd4 Be7 13. Bg5 h6 14. Bh4 b4 15. Na4 Qa5 16. b3 0-0 17. Rac1 Rfc8 18. Bb1 Qh5 19. Bg3 Bxf3 20. gxf3 Nd5 21. Bd3 a5 22. Ba6 Rxc1 23. Rxc1 Qg5 24. Rc2 h5 25. h4 Qf6 26. Bb7 Rd8 27. Qe4 Nf8 28. Nc5 Nc3 29. Qe5 Rxd4 30. Qxf6 Bxf6 31. Ne4 Rd1+ 32. Kg2 Nxe4 33. Bxe4 Bc3 34. Bc7 f5 35. Bc6 Ng6 36. Bxa5 Nf4+ 37. Kg3 Be5 38. Bxb4 Rg1+ 39. Kh2 Ne2+ 40. Kh3 Rh1+ 41. Kg2 Rg1+ 42. Kh3 Rh1+ 43. Kg2 Rh2+ 44. Kf1 Nf4 45. Kg1 Nh3+ 46. Kf1 Nf4 47. Kg1 Nh3+ 1/2-1/2

[Event "Eger Agria op"]
[Site "Eger"]
[Date "2009.07.26"]
[Round "7"]
[White "Kladiva, Istvan"]
[Black "Bacso, Gabor"]
[Result "1/2-1/2"]
[WhiteElo "2007"]
[BlackElo "2201"]
[PlyCount "43"]
[EventDate "2009.07.22"]
[EventType "swiss"]
[EventRounds "7"]
[EventCountry "HUN"]
[SourceTitle "EXT 2011"]
[Source "ChessBase"]
[SourceDate "2010.11.26"]
[SourceVersion "1"]
[SourceVersionDate "2010.11.26"]
[SourceQuality "1"]

1. e4 c5 2. Nf3 d6 3. d4 cxd4 4. Nxd4 Nf6 5. Nc3 a6 6. Be2 e5 7. Nb3 Be7 8. 0-0 Be6 9. Be3 0-0 10. h3 Nbd7 11. Qd2 Rc8 12. a4 Nb6 13. a5 Nc4 14. Bxc4 Rxc4 15. Bb6 Qd7 16. Qe3 Bd8 17. Ba7 Bc7 18. Nd2 Rb4 19. b3 Bb8 20. Bb6 Bc7 21. Ba7 Bb8 22. Bb6 1/2-1/2

[Event "Eger Agria op"]
[Site "Eger"]
[Date "2009.07.25"]
[Round "6"]
[White "Bacso, Gabor"]
[Black "Sipka, Zoltan"]
[Result "1-0"]
[WhiteElo "2201"]
[BlackElo "1936"]
[PlyCount "157"]
[EventDate "2009.07.22"]
[EventType "swiss"]
[EventRounds "7"]
[EventCountry "HUN"]
[SourceTitle "EXT 2011"]
[Source "ChessBase"]
[SourceDate "2010.11.26"]
[SourceVersion "1"]
[SourceVersionDate "2010.11.26"]
[SourceQuality "1"]

1. d4 Nf6 2. c4 g6 3. Nc3 Bg7 4. e4 d6 5. Nf3 0-0 6. Be2 Nbd7 7. 0-0 c5 8. d5 a6 9. a4 Qc7 10. h3 Re8 11. Bf4 b6 12. Re1 Bb7 13. Qd2 Rad8 14. Rad1 Ne5 15. Nxe5 dxe5 16. Bg3 Qd6 17. Qg5 Nd7 18. Bg4 Bc8 19. b3 Nf8 20. Bxc8 Rxc8 21. f3 Nd7 22. Qd2 Rcd8 23. Qa2 Rb8 24. Bf2 Rec8 25. Ra1 Rb7 26. Reb1 Rcb8 27. Qc2 Qc7 28. Ra2 Nf6 29. g4 Ne8 30. Bg3 Nd6 31. Qe2 Qd7 32. Bf2 a5 33. Rd1 Rf8 34. Kh2 Rbb8 35. Rg1 Kh8 36. Be3 f6 37. Qd1 Rf7 38. Rag2 Rbf8 39. Qd2 g5 40. Ne2 h6 41. Ng3 Kh7 42. Rh1 Kg6 43. Kg1 Rh8 44. h4 Rff8 45. Rgh2 Qe8 46. hxg5 hxg5 47. Rh5 Rxh5 48. Rxh5 Rh8 49. Qh2 Kf7 50. Qd2 Rxh5 51. Nxh5 Bh6 52. Ng3 Qh8 53. Kg2 Kg6 54. Nf5 Nxf5 55. gxf5+ Kf7 56. d6 Qd8 57. d7 Bf8 58. Qd5+ Kg7 59. Qc6 e6 60. fxe6 Be7 61. Kf2 Kg6 62. Ke2 f5 63. b4 axb4 64. a5 fxe4 65. fxe4 Qh8 66. axb6 Qh5+ 67. Kd2 Qh2+ 68. Ke1 Qg3+ 69. Bf2 Qc3+ 70. Kf1 Qd3+ 71. Kg2 g4 72. d8Q Qxd8 73. Qd7 Qf8 74. b7 Qf3+ 75. Kg1 g3 76. Qe8+ Kh6 77. Qh8+ Kg5 78. Qg7+ Kh5 79. Qf7+ 1-0

[Event "Eger Agria op"]
[Site "Eger"]
[Date "2009.07.23"]
[Round "3"]
[White "Gara, Ticia"]
[Black "Bacso, Gabor"]
[Result "1-0"]
[WhiteElo "2354"]
[BlackElo "2201"]
[PlyCount "31"]
[EventDate "2009.07.22"]
[EventType "swiss"]
[EventRounds "7"]
[EventCountry "HUN"]
[SourceTitle "EXT 2011"]
[Source "ChessBase"]
[SourceDate "2010.11.26"]
[SourceVersion "1"]
[SourceVersionDate "2010.11.26"]
[SourceQuality "1"]

1. e4 c5 2. Nf3 d6 3. d4 cxd4 4. Nxd4 Nf6 5. Nc3 a6 6. Bc4 e6 7. Bb3 Nbd7 8. Bg5 Nc5 9. f4 h6 10. Bxf6 Qxf6 11. 0-0 Nxb3 12. axb3 Be7 13. Ndb5 0-0 14. Nxd6 Bxd6 15. Qxd6 Rd8 16. Qb6 1-0